The house of mirth / Edith Wharton.
Record details
- ISBN: 0965013883
- Physical Description: 350 pages ; 21 cm.
- Publisher: New York : New American Library, c1963.
Search for related items by subject
| Subject: | New York (N.Y.) > Social life and customs > Fiction. Single women > New York (State) > New York > Fiction. |
Available copies
- 1 of 1 copy available at scottsboropl.
Holds
- 0 current holds with 1 total copy.
Show Only Available Copies
| Location | Call Number / Copy Notes | Barcode | Shelving Location | Status | Due Date |
|---|---|---|---|---|---|
| scottsboropl | F Wha | 32269000642069 | Adult - Fiction | Available | - |
| LDR | 00763cam a2200229 a 4500 | ||
|---|---|---|---|
| 001 | 119496 | ||
| 003 | CONS | ||
| 005 | 20140703090840.0 | ||
| 008 | 990121s1963 nyu 000 1 eng d | ||
| 020 | . | ‡a0965013883 | |
| 035 | . | ‡a(CPomAG)LMN384085 | |
| 043 | . | ‡an-us-ny | |
| 050 | 1 | 0. | ‡aPS3545.H16 ‡bH842 1963 |
| 082 | 0 | 0. | ‡a813/.52 ‡221 |
| 100 | 1 | . | ‡aWharton, Edith, ‡d1862-1937. |
| 245 | 1 | 4. | ‡aThe house of mirth / ‡cEdith Wharton. |
| 260 | . | ‡aNew York : ‡bNew American Library, ‡cc1963. | |
| 300 | . | ‡a350 pages ; ‡c21 cm. | |
| 651 | 0. | ‡aNew York (N.Y.) ‡xSocial life and customs ‡vFiction. | |
| 650 | 0. | ‡aSingle women ‡zNew York (State) ‡zNew York ‡vFiction. | |
| 959 | . | ‡i32269000642069 ‡lF Wha ‡aAdult - Fiction ‡tFiction ‡g15.00 | |
| 852 | . | ‡p32269000642069 ‡jF Wha ‡gAdult - Fiction ‡cFiction ‡y15.00 ‡bSBPL | |
| 901 | . | ‡a119496 ‡bUnknown ‡c119496 ‡tbiblio | |